[Event "Louviers op 9th"]
[Site "Louviers "]
[Date "2006.05.06"]
[Round "7"]
[White "Colliou, Yannick"]
[Black "Berrou, Andre"]
[Result "1-0"]
[WhiteElo "2209"]
[BlackElo "1790"]
[PlyCount "57"]
[EventDate "2006.03.06"]
[EventType "swiss"]
[EventRounds "7"]
[EventCountry "FRA"]
[SourceTitle "EXT 2008"]
[Source "ChessBase"]
[SourceDate "2007.11.25"]
[SourceVersion "1"]
[SourceVersionDate "2007.11.25"]
[SourceQuality "1"]

1. d4 Nf6 2. Nf3 d5 3. g3 e6 4. Bg2 g6 5. c4 c6 6. b3 Bg7 7. Ba3 Ne4 8. 0-0 f5 9. e3 Kf7 10. Nbd2 Re8 11. Qc2 Kg8 12. Bb2 Nd7 13. Rac1 Ndf6 14. Ne5 Nxd2 15. Qxd2 Ng4 16. Nxg4 fxg4 17. Ba3 e5 18. cxd5 cxd5 19. dxe5 Rxe5 20. Bb2 Rh5 21. Bxg7 Kxg7 22. e4 Be6 23. exd5 Bf7 24. d6 Rf5 25. Bxb7 Rb8 26. Rc7 Rb5 27. Bd5 Qxd6 28. Rxf7+ Kg8 29. Qh6 1-0

[Event "Louviers op 9th"]
[Site "Louviers "]
[Date "2006.03.06"]
[Round "1"]
[White "Berrou, Andre"]
[Black "Frigere, Guy"]
[Result "1-0"]
[WhiteElo "1790"]
[BlackElo "1440"]
[PlyCount "71"]
[EventDate "2006.03.06"]
[EventType "swiss"]
[EventRounds "7"]
[EventCountry "FRA"]
[SourceTitle "EXT 2008"]
[Source "ChessBase"]
[SourceDate "2007.11.25"]
[SourceVersion "1"]
[SourceVersionDate "2007.11.25"]
[SourceQuality "1"]

1. e4 c5 2. f4 Nc6 3. Nf3 d6 4. Nc3 e5 5. f5 Nf6 6. d3 Bd7 7. Bg5 Be7 8. Bxf6 Bxf6 9. Nd5 0-0 10. c3 b5 11. Be2 Bh4+ 12. g3 Bf6 13. 0-0 h5 14. Qd2 h4 15. Nxf6+ Qxf6 16. Nxh4 Ne7 17. Nf3 d5 18. Qg5 dxe4 19. Qxf6 gxf6 20. dxe4 Bc6 21. Nd2 Rad8 22. Rad1 Kg7 23. Bf3 c4 24. Kf2 Rd3 25. Nb1 Nxf5 26. Rxd3 cxd3 27. exf5 e4 28. Bg4 Re8 29. Ke3 Kh6 30. Nd2 a5 31. Rf4 a4 32. a3 Kg7 33. Bh3 Rh8 34. Rh4 Rxh4 35. gxh4 Kh6 36. Bg4 1-0